000 00235nam a2200097Ia 4500
001 1205966
005 20251013092246.0
008 250824s9999 xx 000 0 und d
245 0 _aYAZGÜLÜ
_cAYŞE Ç YAMAÇ
260 _bBU YAYINLARI
999 _c1205966
_d1205966